| 000 | 00375nam a2200157Ia 4500 | ||
|---|---|---|---|
| 003 | Ost | ||
| 005 | 20260225132545.0 | ||
| 008 | 260225s9999||||xx |||||||||||||| ||und|| | ||
| 040 | _cfsic | ||
| 041 | _afre | ||
| 082 | _a440 | ||
| 100 |
_aMalika Ladjali _eAuteur |
||
| 245 | 0 | _aL'espacement des naissances dans le tiers-monde / | |
| 245 | 0 | _cMalika Ladjali | |
| 942 | _cكتاب | ||
| 999 |
_c33780 _d33780 |
||